[Event "ESP-chT Div Honor 2018"]
[Site "Linares"]
[Date "2018.08.12"]
[Round "7"]
[White "Perez Candelario, Manuel"]
[Black "Anton Guijarro, David"]
[Result "1/2-1/2"]
[WhiteElo "2611"]
[BlackElo "2652"]
[Annotator "TA"]
[PlyCount "158"]
[EventDate "2018.08.06"]
[EventType "team-tourn"]
[EventCountry "ESP"]
[SourceTitle "playchess.com"]
[Source "ChessBase"]
[SourceQuality "1"]

{[%evp 23,158,6,16,0,0,0,0,0,0,0,0,0,0,0,0,0,0,0,0,0,0,0,0,0,0,0,0,-33,-33,-35,-35,-35,-25,-25,-25,-42,-42,-42,-42,-42,-42,-42,-42,-42,-42,-42,-42,-42,-42,-127,-49,-49,-42,-42,-42,-42,-42,-42,-25,-25,0,-42,-42,-42,-42,-42,-42,-42,-25,-25,0,-45,0,0,0,0,0,0,0,0,0,0,0,0,0,0,0,0,0,0,0,0,0,0,0,0,0,0,0,0,0,0,0,0,0,0,0,0,0,0,0,0,0,0,0,0,0,0,0,0,0,0,0,0,0,0,0,0,0,0,0,0,0,0,0,0,0]} 1. e4 e5 2. Nf3 Nc6 3. Bb5 {[%cal Bf1b5,Bb5a4,Ba4b3][%mdl 32]} a6 4. Ba4 Nf6 5. O-O Nxe4 6. d4 b5 7. Bb3 d5 8. dxe5 Be6 9. Qe2 Nc5 10. Rd1 Nxb3 11. axb3 Be7 12. c4 b4 {[#] LiveBook: 6 Partien. C81: Spanische Partie (Offene Verteidigung/Keres System)} 13. Bg5 $146 {[%mdl 512]} ({Vorgänger:} 13. cxd5 Bxd5 14. Nbd2 O-O 15. Ne4 Qd7 16. Bg5 Rfd8 17. Rac1 Qe6 18. Bxe7 Nxe7 19. Nc5 Qg4 20. h3 Bxf3 21. Qxf3 Qxf3 22. gxf3 Rxd1+ 23. Rxd1 {½-½ (42) Kovalev,V (2650)-Meskovs,N (2515) Minsk 2018}) 13... Bxg5 14. cxd5 Bxd5 {Und weiter mit ...Lf4 wäre nett.} 15. Nxg5 Qxg5 {[%csl Gd5][%cal Rg5g2]} 16. Rxd5 O-O 17. Nd2 Rad8 18. Nf3 Qf5 19. Rxd8 Rxd8 20. h3 a5 21. Rc1 Nd4 22. Nxd4 Rxd4 23. Rxc7 $11 {[%mdl 4096] Endspiel KDT-KDT} h6 {[%cal Bh7h6,Bh6h5][%mdl 32]} 24. Rc5 Re4 25. Qd2 Rxe5 26. Rxe5 Qxe5 $15 {KD-KD} 27. h4 h5 28. g3 g6 29. Qd8+ Kg7 30. Qd2 Qe4 31. Kf1 Kh7 32. Kg1 Qf3 33. Qc2 Qd5 34. Kf1 Kg7 35. Ke2 Kf6 36. f3 {[#]} (36. Kf1 $15) 36... Qe6+ (36... Qf5 $1 $17 {[%cal Rf5c2]} 37. Qe4 Qxe4+ 38. fxe4 Ke6) 37. Kf2 Qb6+ 38. Kg2 Qe3 39. Qd1 Kg7 40. Qc2 Kh7 41. Qd1 Kg7 42. Qc2 Qd4 43. Kf1 Qd5 44. Kg2 Kf6 45. Kf2 $1 Qe5 46. Qd2 Ke6 47. Kg2 (47. f4 $5 {[%cal Rf4e5]} Qc7 48. Qe3+ Kf6 49. Qd4+ Ke7 50. Kf1 $11) 47... f6 48. Qc2 {Die Stellung ist ausgeglichen.} Kf7 49. Qd2 Ke7 50. Qc2 Kd6 51. Qd3+ Kc7 52. Qc2+ Kb6 53. Qd2 Kc7 54. Qc2+ Kd6 55. Qd3+ Ke7 56. Qc2 g5 57. hxg5 fxg5 58. Qh7+ Kf8 59. Qh6+ Ke7 60. Qh7+ Kd6 61. Qg6+ Qe6 62. Qc2 Qf6 63. Qd3+ Ke7 64. Qe3+ Kf7 65. Qd2 Kg7 66. Qd7+ Kh6 67. Qd2 Qe5 68. Qf2 Qe6 69. Qc2 Qd5 70. Kf2 g4 71. Qc1+ Kg6 72. Qe3 gxf3 73. Qb6+ Kf5 74. Qe3 Kg6 75. Qb6+ Kg7 76. Qa7+ Kf6 77. Qe3 Kg6 78. Qb6+ Kf5 {Weiss muss nun ...De5 beachten.} 79. Qe3 Kg6 {Precision: Weiß = 83%, Schwarz = 55%.} 1/2-1/2

[Event "ESP-chT Div Honor 2018"]
[Site "Linares"]
[Date "2018.08.12"]
[Round "7"]
[White "Oparin, Grigoriy"]
[Black "Navara, David"]
[Result "1/2-1/2"]
[WhiteElo "2609"]
[BlackElo "2741"]
[Annotator "TA"]
[PlyCount "83"]
[EventDate "2018.08.06"]
[EventType "team-tourn"]
[EventCountry "ESP"]
[SourceTitle "playchess.com"]
[Source "ChessBase"]
[SourceQuality "1"]

{[%evp 24,83,0,0,0,0,0,0,0,-1,7,4,0,0,0,0,0,0,0,0,0,0,0,0,0,0,0,0,0,-77,-72,-87,-80,-87,0,0,0,0,0,0,0,0,125,125,125,125,125,125,125,125,125,125,125,8,8,8,8,8,8,8,8,8]} 1. Nf3 d5 2. g3 Nf6 3. Bg2 e6 4. O-O Be7 5. c4 O-O 6. b3 d4 7. e3 c5 8. exd4 cxd4 9. Bb2 Nc6 10. Re1 Re8 11. d3 Bc5 {A14: Reti-Eröffnung} 12. Ne5 Nxe5 13. Rxe5 {LiveBook: 9 Partien} Qd6 14. Qe2 Rb8 15. Nd2 b6 16. f4 Bb7 17. Bxb7 Rxb7 18. Ne4 Nxe4 {[#]} 19. Qxe4 $146 ({Vorgänger:} 19. Rxe4) 19... Rbe7 20. Qf3 f6 21. Re4 e5 22. Rae1 exf4 23. gxf4 Qc6 (23... Rxe4 {is more complex.} 24. Rxe4 Rxe4 25. Qxe4 Kf7 26. f5 Qe5) 24. Kg2 {Droht Txe7.} Rxe4 25. Rxe4 Rxe4 26. Qxe4 (26. dxe4 $11 {bleibt in der Remisbreite.} Qd6 27. Bc1) 26... Qxe4+ $17 27. dxe4 $11 {[%mdl 4096] Endspiel KL-KL} d3 28. Kf3 g5 $1 {[%cal Rg5g4]} 29. Bc3 $1 ({Nur nicht} 29. Bxf6 $2 g4+ $1 {[%mdl 512]} 30. Kxg4 d2 $19) 29... h5 {Und weiter mit ...g4+ wäre nett.} 30. h3 Kf7 31. b4 Bd6 32. e5 g4+ (32... fxe5 $11 33. fxg5 (33. fxe5 Bc7 $11) 33... Kg6) 33. hxg4 $16 hxg4+ 34. Kxg4 fxe5 35. fxe5 Bxe5 36. Bd2 Ke6 37. a4 a6 {[#]} 38. Kf3 (38. b5 $1 $16) 38... b5 $1 $11 {[%cal Rb5a4] Die Stellung ist ausgeglichen.} 39. axb5 axb5 40. cxb5 {Droht Ke4 und aus.} Kd5 41. b6 Kc6 42. Ke4 {Precision: Weiß = 81%, Schwarz = 84%.} 1/2-1/2

[Event "ESP-chT Div Honor 2018"]
[Site "Linares"]
[Date "2018.08.12"]
[Round "7"]
[White "Kokarev, Dmitry"]
[Black "Kryvoruchko, Yuriy"]
[Result "1/2-1/2"]
[WhiteElo "2608"]
[BlackElo "2711"]
[Annotator "TA"]
[PlyCount "60"]
[EventDate "2018.08.06"]
[EventType "team-tourn"]
[EventCountry "ESP"]
[SourceTitle "playchess.com"]
[Source "ChessBase"]
[SourceQuality "1"]

{[%evp 17,60,0,8,-1,14,-10,-8,-15,-15,-15,-8,-20,-14,-20,0,-6,-6,-6,5,-14,0,-12,0,0,0,-12,10,-28,0,-28,0,-28,0,-28,0,-28,0,-28,-14,-14,0,-28,0,0,0]} 1. e4 e5 2. Nf3 Nc6 3. Bb5 Nf6 {[%cal Bg8f6,Bf6d7,Bd7f8,Bf8e6,Be6d4][%mdl 32]} 4. d3 Bc5 5. Bxc6 dxc6 6. Nbd2 {C65: Ruy Lopez: Berlin Defence (3...Nf6), unusual lines and 4 0-0 Bc5} Nd7 (6... Be6 7. Qe2 Nd7 8. Nb3 Bb6 9. Ng5 Nf8 10. Be3 Qe7 11. g3 Bxb3 12. axb3 f6 13. Nf3 Ne6 14. Bxb6 cxb6 {½-½ (36) Svidler,P (2753)-Carlsen,M (2842) Biel 2018}) 7. O-O O-O 8. Nc4 Re8 9. Bd2 f6 {LiveBook: 7 Games} 10. Nh4 Nf8 11. Ne3 $146 ({Predecessor:} 11. Be3 Bd6 12. Qf3 Be6 13. Qg3 Kh8 {½-½ (70) Harikrishna,P (2673)-Romanov,E (2588) St Petersburg 2009}) 11... Ne6 12. Kh1 b6 13. g3 Bxe3 14. Bxe3 c5 15. b3 Nd4 16. g4 g6 17. Rg1 Ne6 18. Nf3 g5 19. h4 h6 20. Nd2 Nf4 21. a4 Be6 22. Qf3 Qd7 23. Kh2 Kg7 24. h5 Rad8 25. Ra3 Qc6 26. Rga1 Bc8 27. Qg3 Ne2 28. Qf3 Nf4 29. Qg3 Ne2 30. Qf3 Nf4 {Precision: White = 32%, Black = 36%.} 1/2-1/2

[Event "ESP-chT Div Honor 2018"]
[Site "Linares"]
[Date "2018.08.12"]
[Round "7"]
[White "Forcen Esteban, Daniel"]
[Black "Jones, Gawain C B"]
[Result "0-1"]
[WhiteElo "2569"]
[BlackElo "2666"]
[Annotator "TA"]
[PlyCount "116"]
[EventDate "2018.08.06"]
[EventType "team-tourn"]
[EventCountry "ESP"]
[SourceTitle "playchess.com"]
[Source "ChessBase"]
[SourceQuality "1"]

{[%evp 34,116,24,25,32,30,14,0,16,0,87,31,49,41,41,25,52,38,23,14,35,0,0,0,0,0,0,0,0,0,0,-18,-16,-16,-21,-25,15,13,16,0,0,-18,-18,-18,-18,-18,0,0,0,0,0,0,-3,-12834,-12835,-12835,-12835,-7247,-7239,-12839,-12839,-12841,-9,-14,-30,-29,-38,-38,-60,-12837,-2187,-12839,0,-12840,-12840,-12841,-12841,-12841,-12842,-12842,-12843,-12843,-12843,-12849,-550]} 1. e4 c5 2. Nf3 Nc6 3. d4 cxd4 4. Nxd4 g6 5. c4 Nf6 6. Nc3 d6 7. Be2 Nxd4 8. Qxd4 Bg7 9. Bg5 O-O 10. Qd2 Be6 11. O-O Qa5 12. Rac1 a6 13. Rfd1 Rfc8 14. Bxf6 Bxf6 {B36: Sicilian: Maroczy Bind: Gurgenidze System} 15. Nd5 Qxd2 16. Nxf6+ Kg7 17. Nh5+ gxh5 18. Rxd2 {LiveBook: 10 Games} b5 {[%cal Re6c4]} (18... Rc5 19. Rdc2 Rac8 20. Bd3 h4 21. f3 a5 22. b3 b6 23. Kf2 {½-½ (23) Forcen Esteban,D (2541)-Jojua,D (2586) Roquetas de Mar 2018}) 19. Rdc2 h4 20. f4 Ra7 $146 ({Predecessor:} 20... f5 21. cxb5 Rxc2 22. Rxc2 axb5 23. Bxb5 Rxa2 24. exf5 Bxf5 {½-½ (35) Biolek,R (2415)-Michenka,J (2405) Ostrava 1993}) 21. Rc3 b4 (21... bxc4 $11 {remains equal.} 22. f5 (22. Bxc4 Rb7 $11) 22... Bd7) 22. Re3 (22. Rb3 $1 $16) 22... Rac7 {[%cal Re6c4]} 23. b3 Rc5 24. Bd3 Bd7 25. Rf1 Ra5 26. Bb1 Ra3 27. e5 Rxc4 $1 28. exd6 exd6 29. Re7 Rc7 30. f5 {f6+ is the strong threat.} Kf6 $1 {[%cal Rf6e7]} 31. Re4 $1 {[%csl LRb4,LRh4]} h3 32. Rh4 hxg2 33. Kxg2 Ra5 34. Rh6+ Kg7 35. Rxd6 f6 36. Rf4 h5 37. Rh4 Bxf5 38. Bxf5 Rxf5 39. Rxa6 $11 {[%mdl 4096] Endgame KRR-KRR} Rc2+ 40. Kg3 Rc3+ 41. Kg2 Rc2+ 42. Kg3 Kg6 {And now ...Rcf2 would win.} 43. Rd6 $2 {[%mdl 8192]} (43. Rd4 $11) 43... Kg5 $1 $19 44. Rd3 Rff2 45. Rdd4 f5 46. Rc4 Rxa2 47. Rxb4 Rac2 $2 (47... Rg2+ $19 48. Kf3 Rg4 49. Rhxg4+ fxg4+ 50. Ke3 Rxh2) 48. Rhc4 $1 $11 Rg2+ (48... Rxh2 $2 49. Rxc2 Rxc2 50. Kf3 $17) 49. Kf3 Rcf2+ ({But not} 49... Rxh2 50. Rxc2 Rxc2 51. Rb8 $17) 50. Ke3 {White wants to play h4+.} Rxh2 {Strongly threatening ...Re2+.} 51. Rc8 $2 {[%mdl 8192]} (51. Rb8 $15) 51... Re2+ $1 $19 52. Kf3 Rhf2+ 53. Kg3 {[#]} h4+ $1 {[%mdl 512] Black is clearly winning.} 54. Rxh4 Rg2+ 55. Kh3 Rh2+ 56. Kg3 {[#]} Reg2+ $1 ({And not} 56... f4+ 57. Rxf4 Rhg2+ 58. Kf3 $11) 57. Kf3 Rf2+ ({Worse is} 57... Kxh4 58. Rh8+ Kg5 59. Rg8+ Kf6 60. Rxg2 $11) 58. Kg3 f4+ {Precision: White = 28%, Black = 66%.} 0-1

[Event "ESP-chT Div Honor 2018"]
[Site "Linares"]
[Date "2018.08.12"]
[Round "7"]
[White "Cuenca Jimenez, Jose Fernando"]
[Black "Alshameary Puente, Ismael"]
[Result "0-1"]
[WhiteElo "2506"]
[BlackElo "2343"]
[Annotator "TA"]
[PlyCount "218"]
[EventDate "2018.08.06"]
[EventType "team-tourn"]
[EventCountry "ESP"]
[SourceTitle "playchess.com"]
[Source "ChessBase"]
[SourceQuality "1"]

{[%evp 18,218,77,68,76,60,98,89,143,140,157,157,158,162,153,164,161,157,156,122,177,151,149,147,151,160,170,146,150,152,156,156,149,148,137,143,154,147,178,130,130,130,130,130,130,130,165,143,175,130,130,130,130,3,3,0,9,22,91,91,97,118,119,81,95,80,78,25,23,-10,0,0,0,0,3,0,0,0,0,0,0,0,0,0,0,0,0,0,0,0,0,0,29,0,0,0,0,0,0,0,0,0,12,4,12,12,12,19,59,0,91,19,19,19,19,19,19,24,24,9,52,52,77,52,112,112,112,112,112,112,138,138,138,138,138,115,215,185,196,191,189,189,191,183,183,158,187,166,213,163,188,156,163,163,163,156,155,115,163,163,161,154,187,100,95,48,51,51,147,65,69,0,153,0,174,68,68,10,14,-47,-48,-82,-39,-195,-190,-206,-220,-302,-310,-354,-334,-480,-455,-436,-404,-552,-538,-583,-485,-615,-609,-673,-666]} 1. d4 Nf6 2. c4 e6 3. Nf3 Bb4+ 4. Bd2 a5 5. g3 b6 6. Bg2 Bb7 7. O-O O-O 8. Bf4 Be7 9. Nc3 d6 {E16: Queen's Indian: 4 g3 Bb7 5 Bg2 Bb4+} (9... Ne4 10. Qc2 Nxc3 11. Qxc3 Be4 12. Rfd1 f5 13. d5 Bf6 14. Be5 Qe8 15. Bxf6 Rxf6 16. Bf1 Na6 17. Ne1 f4 18. Nf3 Bxf3 19. exf3 {0-1 (33) Almasi,Z (2682)-Fedorchuk,S (2648) Riadh 2017}) 10. Qc2 {LiveBook: 6 Games} Nc6 $146 ({Predecessor:} 10... Nbd7 11. Rad1 Qc8 12. e4 Rd8 13. h4 Nf8 14. Bc1 N6d7 {0-1 (55) Zhu,C (2419)-Khademalsharieh,S (2438) Doha 2016}) 11. Rad1 Nd7 {White is slightly better.} 12. e4 g5 (12... Qb8 $142) 13. Be3 $16 g4 {[#]} 14. Ne1 $1 e5 15. d5 Nd4 16. Bxd4 exd4 17. Nb5 Bf6 18. Nxd4 Ne5 (18... Bxd4 $16 19. Rxd4 h5) 19. Qe2 Ba6 20. b3 Bc8 21. Nec2 {[%cal Be1c2,Bc2e3,Be3f5][%mdl 32]} Re8 22. a4 Bg7 23. Ne3 Qg5 24. Ndf5 Bxf5 25. Nxf5 ({But not} 25. exf5 $6 h5 $14) 25... Nd7 {White must now prevent ...Qxf5!} 26. Qc2 Nc5 27. Rde1 Re5 28. Re3 Rae8 29. Rfe1 h5 30. h4 Qg6 31. Nd4 Ra8 32. Qd1 Nd7 33. Nf5 Rae8 34. Kh2 Nc5 35. f4 (35. Qc2 $16) 35... Qxf5 $1 $11 36. fxe5 Qxe5 37. Rf1 Nd7 (37... Qd4 $11 38. Qe1 Re7) 38. Qe2 $16 Bh6 39. Qf2 Re7 40. Ree1 Nc5 41. Qc2 Bg7 42. Re2 (42. Rf5 $16 Qc3 43. Qxc3 Bxc3 44. Ref1) 42... Qc3 $1 $11 43. Rb1 Be5 44. Qxc3 Bxc3 45. Rc2 Be5 46. b4 axb4 47. Rxb4 Re8 48. Ra2 Ra8 49. Rb5 Rxa4 50. Rxa4 Nxa4 {[%mdl 4096] Endgame KRB-KBN} 51. Rb3 Nc3 52. Kg1 Kg7 53. Kf2 Kf6 54. Ke3 Ke7 55. Kd2 Na4 56. Ra3 Nc5 57. Ke2 Nd7 58. Kf1 Nc5 59. Kg1 Bb2 60. Ra7 Kd7 61. Kh2 Bd4 62. Ra8 Bf6 63. Bf1 (63. Ra2 $14) 63... Bd8 (63... Be5 $11) 64. Ra3 (64. Ra2 $16) 64... Bf6 65. Bg2 Be5 66. Ra2 {aiming for Rf2.} Ke7 67. Rf2 {Hoping for Rf5.} Nd7 68. Bf1 Nf6 69. Bd3 Kd7 70. Kg2 Ke7 (70... Bc3 $14) 71. Ra2 $16 Bd4 72. Ra8 Nd7 73. Rc8 Nc5 74. Bc2 Kd7 75. Rg8 Bf6 76. Ra8 Bd8 (76... Bd4 $16 77. Ba4+ Nxa4 78. Rxa4 Ke8) 77. Ra1 Ke7 78. Rf1 Nd7 79. Rf5 Nf6 80. Kf2 Kf8 81. Ke2 Be7 82. Kd2 Bd8 83. Bd3 Be7 84. Ke3 Bd8 85. Bc2 Be7 86. Kf4 Kg7 87. Ba4 Bd8 88. e5 dxe5+ 89. Rxe5 Kf8 90. Kf5 (90. Re1 $18) 90... Kg7 91. Bc6 Ng8 $1 92. Kf4 {Threatens to win with d6.} Nf6 (92... Be7 $1 $14) 93. Re2 (93. Be8 $16) 93... Ng8 $1 $14 94. Re5 ({White should play} 94. d6 $14 cxd6 95. Rd2) 94... Nf6 $16 95. Ba4 Kf8 $1 {[#]} 96. Bc2 (96. Re1 $1 $18) 96... Be7 $14 97. Kf5 (97. Rf5 $14) 97... Ne8 $1 $11 98. Ke4 (98. Re2 $11) 98... Bd6 99. Rf5 Bxg3 {...Nd6+ is the strong threat.} 100. Kd3 $2 ({Better is} 100. Rxh5 $15 Nf6+ 101. Kf5 Nxh5 102. Kxg4) 100... Ng7 $19 101. Rf1 Bxh4 102. Kd4 Ke7 103. Rh1 Bf2+ 104. Ke5 (104. Ke4 $142 f5+ 105. Kf4) 104... Bg3+ 105. Kd4 f5 106. c5 bxc5+ {Black is clearly winning.} 107. Kxc5 h4 108. Kd4 Bf2+ 109. Ke5 g3 {Precision: White = 43%, Black = 58%.} 0-1

[Event "ESP-chT Div Honor 2018"]
[Site "Linares"]
[Date "2018.08.12"]
[Round "7"]
[White "Moskalenko, Viktor"]
[Black "Magem Badals, Jordi"]
[Result "1/2-1/2"]
[WhiteElo "2504"]
[BlackElo "2531"]
[Annotator "TA"]
[PlyCount "119"]
[EventDate "2018.08.06"]
[EventType "team-tourn"]
[EventCountry "ESP"]
[SourceTitle "playchess.com"]
[Source "ChessBase"]
[SourceQuality "1"]

{[%evp 18,119,37,13,25,19,43,22,43,24,46,46,54,54,94,56,47,6,10,35,30,14,33,-1,75,-41,95,46,197,204,181,50,191,137,516,516,516,516,658,643,628,616,625,639,572,537,708,722,722,709,1119,1104,946,0,0,0,25,18,53,20,26,0,0,0,0,0,8,8,8,8,8,8,8,0,7,8,10,0,0,0,0,0,0,0,0,0,0,0,8,8,8,-8,-4,-8,0,-2,0,0,8,8,8,8,8,8]} 1. d4 Nf6 {[%cal Bg8f6,Bf6h5,Bh5g7,Bg7f5][%mdl 32]} 2. Bf4 g6 3. e3 d6 4. Nf3 Nh5 5. Bg5 h6 6. Bh4 {A48: 1 d4 Nf6 2 Nf3 g6: Torre, London and Colle Systems} g5 7. Nfd2 Ng7 8. Bg3 Nf5 9. Bd3 Bg7 10. c3 {LiveBook: 4 Games} Nxg3 (10... e6 11. Na3 Nd7 12. Qf3 Nxg3 13. hxg3 {½-½ (53) Le,Q (2739)-Kasparov,G (2812) Saint Louis 2017}) 11. hxg3 Nc6 12. Qc2 $146 ({Predecessor:} 12. g4 e6 13. Nf1 {½-½ (28) Dos Santos,H (2250)-Mecking,H (2590) Campinas 2011}) 12... e6 13. Nf1 Bd7 14. g4 Qe7 15. Ng3 Rf8 16. Nd2 O-O-O 17. b4 Qe8 $1 18. a4 {[%cal Ba2a4,Ba4a5][%mdl 32]} Ne7 19. b5 f5 20. O-O f4 (20... fxg4 $11 {keeps the balance.} 21. c4 h5) 21. Nge4 (21. exf4 $1 $16 gxf4 22. Nh5) 21... d5 (21... Nd5 $15 {stays ahead.}) 22. Nc5 $36 {[%mdl 2048] White has the initiative.} e5 $2 {[#]} (22... h5 $14) 23. a5 $1 $18 fxe3 {[#]} ({Not} 23... Bxg4 24. f3 $11) 24. fxe3 (24. Qb3 $1 $18) 24... Rxf1+ (24... Bxg4 $14 25. Qb1 Rd6) 25. Nxf1 Bxg4 $2 {[%mdl 8192]} (25... e4 $16 26. Be2 Kb8) 26. Qb3 Kb8 27. b6 {bxa7+ would kill now.} Bc8 28. Rb1 {Na6+! is the strong threat.} axb6 29. axb6 Qc6 {With the idea ...cxb6.} 30. bxc7+ Kxc7 31. Qa3 Rf8 {and the idea ...Qf6 leaves Black hopeful.} 32. Qa5+ b6 33. Qa7+ Kd8 34. Rxb6 Qc7 35. Qxc7+ $2 (35. Nb7+ $18 Bxb7 36. Rxb7) 35... Kxc7 $11 36. Rb1 exd4 37. exd4 Nc6 {Threatening ...Nxd4!} 38. Kh1 Re8 39. Ba6 Bf8 {The position is equal.} 40. Bxc8 Kxc8 41. Na4 {White wants to play Nb6+.} Kc7 42. Nb6 Ne7 {White must now prevent ...Rb8.} 43. Ne3 Kc6 {aiming for ...Rb8.} 44. c4 dxc4 45. Nbxc4 Nd5 46. Nf5 Nc3 47. Rb3 Ne2 48. Nce3 h5 49. g3 Re4 50. d5+ Kc7 51. Kg2 Ra4 52. Rd3 Bd6 {next ...Ra2 is good for Black.} 53. Rd2 Nc3 54. Nd4 Kd7 {Strongly threatening ...Ne4.} 55. Ne6 Nxd5 (55... Ne4 {seems wilder.} 56. Rb2 Bxg3 57. Nxg5 Be5 58. Nxe4 Rxe4 59. Rb3 Kc7) 56. Rxd5 Kxe6 57. Rxg5 h4 58. Rg6+ Kd7 59. gxh4 Rxh4 60. Rxd6+ {Precision: White = 53%, Black = 42%.} 1/2-1/2

[Event "ESP-chT Div Honor 2018"]
[Site "Linares"]
[Date "2018.08.12"]
[Round "7"]
[White "Osmak, Iulija"]
[Black "Del Rio De Angelis, Salvador G"]
[Result "1/2-1/2"]
[WhiteElo "2410"]
[BlackElo "2525"]
[Annotator "ChessBase"]
[PlyCount "110"]
[EventDate "2018.08.06"]
[EventType "team-tourn"]
[EventCountry "ESP"]
[SourceTitle "playchess.com"]
[Source "ChessBase"]
[SourceQuality "1"]
[TimeControl "40/5400+30:1800+30"]

1. d4 {[%emt 0:00:00]} e6 {[%emt 0:00:05]} 2. Bf4 {[%emt 0:00:00]} Nf6 {[%emt 0:01:57]} 3. e3 {[%emt 0:00:00]} Be7 {[%emt 0:01:05]} 4. h3 {[%emt 0:01:13]} O-O {[%emt 0:03:06]} 5. Nf3 {[%emt 0:00:12]} b6 {[%emt 0:00:29]} 6. Nbd2 {[%emt 0:00:55]} c5 {[%emt 0:06:46]} 7. c3 {[%emt 0:00:34]} Bb7 {[%emt 0:02:46]} 8. Bd3 {[%emt 0:00:54]} Nc6 {[%emt 0:01:02]} 9. O-O {[%emt 0:01:13]} Rc8 {[%emt 0:01:07]} 10. Bh2 {[%emt 0:04:44]} d6 {[%emt 0:03:08]} 11. Qe2 {[%emt 0:01:45]} cxd4 {[%emt 0:00:16]} 12. exd4 {[%emt 0:00:35]} Re8 {[%emt 0:00:27]} 13. Rfe1 {[%emt 0:01:54]} Bf8 {[%emt 0:00:32]} 14. Rad1 {[%emt 0:01:41]} Rc7 {[%emt 0:02:56]} 15. Ne4 {[%emt 0:17:13]} Nxe4 {[%emt 0:09:07]} 16. Bxe4 {[%emt 0:01:04]} g6 {[%emt 0:04:44]} 17. h4 {[%emt 0:03:46]} Nb8 {[%emt 0:04:32]} 18. Bxb7 {[%emt 0:02:54]} Rxb7 {[%emt 0:00:08]} 19. h5 {[%emt 0:01:02]} Nd7 {[%emt 0:02:53]} 20. hxg6 {[%emt 0:01:38]} hxg6 {[%emt 0:00:07]} 21. Bf4 {[%emt 0:06:36]} Nf6 {[%emt 0:00:33]} 22. Ng5 {[%emt 0:02:07]} Nh5 {[%emt 0:16:36]} 23. Bc1 {[%emt 0:01:46]} Qc8 {[%emt 0:08:06]} 24. Rd3 {[%emt 0:06:54]} Ng7 {[%emt 0:05:16]} 25. g4 {[%emt 0:12:53]} f6 {[%emt 0:03:06]} 26. Ne4 {[%emt 0:03:15]} Be7 {[%emt 0:00:05]} 27. Rh3 {[%emt 0:03:28]} d5 {[%emt 0:01:36]} 28. Ng3 {[%emt 0:01:21]} Kf7 {[%emt 0:01:54]} 29. Kg2 {[%emt 0:02:55]} Rh8 {[%emt 0:00:12]} 30. Bh6 {[%emt 0:03:22]} Rh7 {[%emt 0:00:17]} 31. Qf3 {[%emt 0:03:35]} b5 {[%emt 0:09:31]} 32. Ne2 {[%emt 0:05:35]} Bd6 {[%emt 0:00:58]} 33. Reh1 {[%emt 0:04:40]} Qd8 {[%emt 0:06:16]} 34. Bxg7 {[%emt 0:03:40]} Rxg7 {[%emt 0:00:10]} 35. Rh8 {[%emt 0:00:06]} Qc7 {[%emt 0:01:08]} 36. g5 {[%emt 0:01:44]} f5 {[%emt 0:00:13]} 37. Qe3 {[%emt 0:00:33]} Rb8 {[%emt 0:02:13]} 38. R8h7 {[%emt 0:00:26]} Rbg8 {[%emt 0:00:20]} 39. R7h4 {[%emt 0:00:34]} Ke7 {[%emt 0:01:08]} 40. Nf4 {[%emt 0:00:26]} Bxf4 {[%emt 0:00:05]} 41. Rxf4 {[%emt 0:30:08]} Kd7 {[%emt 0:30:44]} 42. Rfh4 {[%emt 0:00:00]} Re8 {[%emt 0:00:00]} 43. Qe2 {[%emt 0:00:00]} Kc6 {[%emt 0:00:00]} 44. a4 {[%emt 0:00:00]} a6 {[%emt 0:00:00]} 45. Ra1 {[%emt 0:00:00]} Kb6 {[%emt 0:00:00]} 46. axb5 {[%emt 0:00:00]} axb5 {[%emt 0:00:00]} 47. Qd2 {[%emt 0:00:00]} Kb7 {[%emt 0:00:00]} 48. Rh6 {[%emt 0:00:00]} e5 {[%emt 0:00:00]} 49. dxe5 {[%emt 0:00:00]} Qxe5 {[%emt 0:00:00]} 50. Rh4 {[%emt 0:00:00]} Rc7 {[%emt 0:00:00]} 51. Qd4 {[%emt 0:00:00]} Qxd4 {[%emt 0:00:00]} 52. Rxd4 {[%emt 0:00:00]} Re5 {[%emt 0:00:00]} 53. Kg3 {[%emt 0:00:00]} Rc4 {[%emt 0:00:00]} 54. Rad1 {[%emt 0:00:00]} Kc6 {[%emt 0:00:00]} 55. f3 {[%emt 0:03:25]} Rxd4 {[%emt 0:00:00]} 1/2-1/2

[Event "ESP-chT Div Honor 2018"]
[Site "Linares"]
[Date "2018.08.12"]
[Round "7"]
[White "Silva Lucena, Cristian"]
[Black "Cornette, Deimante"]
[Result "0-1"]
[WhiteElo "2237"]
[BlackElo "2463"]
[Annotator "TA"]
[PlyCount "116"]
[EventDate "2018.08.06"]
[EventType "team-tourn"]
[EventCountry "ESP"]
[SourceTitle "playchess.com"]
[Source "ChessBase"]
[SourceQuality "1"]

{[%evp 19,116,12,16,0,0,0,6,0,0,0,0,-21,0,0,0,0,0,0,25,22,14,14,21,15,35,14,14,19,95,96,115,111,102,107,127,57,72,69,74,75,52,52,66,56,64,64,58,58,85,68,90,58,48,44,72,60,72,0,0,11,49,8,8,8,0,2,5,0,35,0,0,0,0,0,0,-74,-85,-69,-67,-275,-93,-295,-295,-296,-277,-287,-282,-293,-287,-404,-395,-384,-391,-396,-401,-690,-665,-1248,-1213]} 1. e4 {[%cal Be2e4,Be4e5][%mdl 32]} Nf6 2. e5 Nd5 3. c4 Nb6 4. d4 d6 5. exd6 cxd6 6. Nc3 g6 7. a4 Bg7 8. a5 N6d7 {[%cal Bb6d7,Bd7c5,Bc5b3][%mdl 32]} 9. Nf3 {B03: Aljechin-Verteidigung (Vierbauernvariante)} O-O 10. Ra3 Nc6 {LiveBook: 4 Partien} 11. d5 {Die Stellung ist ausgeglichen.} Nb4 12. Be2 Nc5 13. O-O Bf5 14. Ne1 $146 ({Vorgänger:} 14. Nb5 Nc2 15. Ra2 Nb4 16. Ra3 Nc2 {1-0 (16) Romero Holmes,A (2470)-Fernandez Garcia,J (2470) Ponferrada 1992}) 14... b6 15. axb6 Qxb6 16. Be3 Nba6 17. Qd2 Nb3 18. Qd1 $1 Nac5 19. Nb5 Qb8 20. Rxb3 Nxb3 21. Qxb3 a6 22. Nd4 Qxb3 23. Nxb3 {zielt auf Sd4 ab.} Bxb2 (23... Rfb8 $11 24. Nd4 Rxb2 25. Nxf5 gxf5) 24. Na5 $16 Bc3 25. Nc6 Rfe8 26. Nf3 Bd7 27. Bd4 (27. Nfd4 $16) 27... Bxd4 $14 28. Nfxd4 e5 29. dxe6 fxe6 {[#] Droht stark ...e5.} 30. Na5 {Droht Sb7 und aus.} e5 31. Nc2 Rab8 $1 32. Ne3 Rb2 33. Bd3 Reb8 {[#] Weiss muss nun ...Ta2 beachten.} 34. Be4 Rd2 35. g4 Kg7 36. h3 Ra2 37. Nb7 Rd2 38. Rd1 (38. Bg2 $16) 38... Rxd1+ $11 39. Nxd1 Kf6 40. Nc3 Ke6 41. Kg2 Bc8 42. Na5 Rb2 43. h4 Kf7 44. Kg3 Be6 45. f3 Kf6 46. g5+ Kg7 47. Nb7 (47. Nd5 $11) 47... Bxc4 $17 {...d5! ist eine echte Drohung.} 48. Nxd6 Bf1 $1 {Und ...Tg2+ würde nun gewinnen.} 49. Nd5 $2 ({Weiss braucht} 49. h5 $1 $15) 49... Rg2+ $19 50. Kh3 Rxg5+ $1 51. Kh2 Rg2+ 52. Kh1 Rd2 53. Kg1 Bd3 54. Nc7 (54. Nc3 $142) 54... Bxe4 55. Nxe4 Ra2 56. Ne6+ Kh6 57. Nf6 (57. Kf1 $142 a5 58. Ke1) 57... a5 {[%cal Ba6a5,Ba5a4][%mdl 32]} 58. Ng5 a4 {Precision: Weiß = 48%, Schwarz = 70%.} 0-1